000 00318nam a22001217a 4500
003 OSt
008 150321b xxu||||| |||| 00| 0 eng d
100 1 _aLounsbery, Royden H.
041 _aeng
245 1 0 _aAmerican Postal Markings from Colonial Times to the 1850's
246 1 0 _aThe Unexhibited Exhibit
300 _a0 pages
999 _c1043
_d1043